| 000 | 00925nam a2200313Ia 4500 | ||
|---|---|---|---|
| 008 | 160803s9999 xx 000 0 und d | ||
| 020 | _a 978-0142401125 | ||
| 100 | _aTaylor, Mildred D. | ||
| 245 | _aRoll of thunder, hear my cry / | ||
| 245 | _cMildred D. Taylor | ||
| 260 | _aNew York : | ||
| 260 | _bScholastic Inc. | ||
| 260 | _c2003 | ||
| 300 | _a276 pages ; 19 cm | ||
| 300 | _billustrations ; | ||
| 300 | _c28 cm. | ||
| 500 | _aOriginally published in the United States by Dial Books, 1976. | ||
| 650 | _aAfrican American families -- Mississippi -- | ||
| 650 | _aAfrican Americans -- | ||
| 650 | _aDepressions -- | ||
| 650 | _aRacism -- Mississippi -- | ||
| 650 | _aSouthern States -- Race relations -- | ||
| 650 | _xJuvenile fiction. | ||
| 650 | _xJuvenile fiction. | ||
| 650 | _xJuvenile fiction. | ||
| 650 | _xJuvenile fiction. | ||
| 650 | _xJuvenile fiction. | ||
| 700 | _a920 | ||
| 999 |
_c298607 _d298607 |
||